000 00243nam a22001217a 4500
008 170814b xxu||||| |||| 00| 0 eng d
041 _aeng
080 _a004
100 _a35
101 _aSHK
245 _aOS JCL
_cCLARY,W
942 _2udc
_cBK
999 _c23426
_d23426